Masyarakat Islam

Bibliographic Details
Main Author: Ahmad Shalaby, Prof.Dr
Format: Book
Published: Singapura : Pustaka Nasional , 1976
Subjects:

MARC

LEADER 00000cam a2200000 7i4500
001 0000004942
002 000005328
005 20000330.0
020 |a T000000426 
090 0 0 |a 297.4   |b AHM 
100 1 |a Ahmad Shalaby, Prof.Dr 
245 0 0 |a Masyarakat Islam   |c Prof.Dr.Ahamad Shalaby 
260 |a Singapura :   |b Pustaka Nasional ,   |c 1976 
300 |a 349p. ;   |c 22cm. 
650 0 0 |a Islam and social sciences 
999 |a 034840   |b BUKU   |c PINJAMAN   |e PERPUSTAKAAN KOMUNITI PETALING JAYA 
999 |a 034841   |b BUKU   |c PINJAMAN   |e PERPUSTAKAAN KOMUNITI PETALING JAYA